000 00303 a2200157 4500
001 62070
020 _a
040 _cAnchieta - Pituba
100 _aQuaglino, Maria ana
240 1 0 _aPetrobrĂ¡s
_lpor
245 1 0 _aPetrobrĂ¡s
300 _a120
362 0 _a2003
650 4 _aBrasil
942 _cBK
999 _c62070
_d62070